[Event "XIII Torneo Leonardo di Bona Nazionale"]
[Site "Cutro ITA"]
[Date "2007.04.24"]
[Round "2"]
[White "Virelli, Salvatore"]
[Black "Gualtieri, Domenico"]
[Result "1-0"]
[WhiteElo "1524"]
[BlackElo "1440"]
[PlyCount "163"]
[EventDate "2007.04.23"]

1. e4 e5 2. Nf3 d6 3. Bc4 Be6 4. Bxe6 fxe6 5. d3 Nc6 6. O-O Nf6 7. Bg5 Be7 8.
c3 Qd7 9. a3 O-O-O 10. b4 b5 11. a4 a5 12. axb5 Nb8 13. Qa4 h6 14. Bxf6 Bxf6
15. Qxa5 Rhe8 16. c4 d5 17. Qa8 dxc4 18. Ra6 Qxb5 19. Ra5 cxd3 20. Nc3 Qb6 21.
Rd1 Re7 22. b5 Red7 23. Ra6 Qb7 24. h3 Qxa8 25. Rxa8 d2 26. Kf1 Be7 27. Ke2 Bb4
28. Nb1 g5 29. Nfxd2 Bxd2 30. Rxd2 Kb7 31. Rxd7 Rxd7 32. Ra3 c6 33. bxc6+ Nxc6
34. g3 Nd4+ 35. Kf1 Nb5 36. Rb3 Kc6 37. Nc3 Rd3 38. Rxb5 Rxc3 39. Rxe5 Kd7 40.
Kg2 Ke7 41. Ra5 Kd6 42. Ra7 Ke5 43. Rh7 Kxe4 44. Rxh6 e5 45. Rg6 Kf5 46. Rg8 e4
47. Rf8+ Kg6 48. Re8 Kf5 49. g4+ Kf4 50. Rf8+ Ke5 51. Rf5+ Ke6 52. Rxg5 Kf6 53.
h4 e3 54. fxe3 Rxe3 55. Rf5+ Ke6 56. h5 Ra3 57. h6 Ra8 58. Kg3 Rh8 59. Rh5 Kf6
60. g5+ Kg6 61. Kg4 Rh7 62. Rh1 Rh8 63. Rc1 Kf7 64. Kf5 Re8 65. Rc7+ Re7 66.
g6+ Kf8 67. Rxe7 Kxe7 68. h7 Kd6 69. Kf6 Kc5 70. h8=Q Kc4 71. Ke6 Kc5 72. Qc8+
Kd4 73. Kd6 Ke4 74. Qe6+ Kd4 75. Qd5+ Ke3 76. Ke5 Kf2 77. Qd3 Kg2 78. Kf4 Kh2
79. Kg4 Kg2 80. Qd2+ Kf1 81. Kf3 Kg1 82. Qg2# 1-0

[Event "XIII Torneo Leonardo di Bona Nazionale"]
[Site "Cutro ITA"]
[Date "2007.04.24"]
[Round "2"]
[White "Zavaglia, Giuseppe"]
[Black "Di Mauro, Sebastiano"]
[Result "1-0"]
[WhiteElo "1901"]
[BlackElo "1814"]
[PlyCount "53"]
[EventDate "2007.04.23"]

1. e4 e6 2. d4 d5 3. Nd2 c5 4. exd5 exd5 5. Ngf3 Nf6 6. Bb5+ Nc6 7. O-O Be7 8.
dxc5 Bxc5 9. Nb3 Bd6 10. Re1+ Ne4 11. Bg5 Qb6 12. Qxd5 Qxf2+ 13. Kh1 O-O 14.
Rxe4 Bh3 15. Bf1 Bxh2 16. Kxh2 Be6 17. Qd2 Qb6 18. Qe3 Qc7+ 19. Kg1 Bd5 20. Rh4
Rfe8 21. Qd3 h6 22. Qxd5 hxg5 23. Qxg5 Ne5 24. Qh5 Ng6 25. Rc4 Qb6+ 26. Qc5 Qf6
27. Qd4 1-0

[Event "XIII Torneo Leonardo di Bona Nazionale"]
[Site "Cutro ITA"]
[Date "2007.04.25"]
[Round "3"]
[White "Calomeni, Francesca"]
[Black "Virelli, Salvatore"]
[Result "0-1"]
[WhiteElo "1356"]
[BlackElo "1524"]
[PlyCount "74"]
[EventDate "2007.04.23"]

1. e4 c5 2. Nf3 d6 3. Nc3 Nc6 4. d4 cxd4 5. Nxd4 Nf6 6. Nxc6 bxc6 7. e5 Ng4 8.
Ne4 Qa5+ 9. Bd2 Qxe5 10. Bd3 Nxh2 11. Qe2 Ng4 12. O-O-O a5 13. Rde1 a4 14. Bc3
Qe6 15. f3 Ne5 16. Ng5 Nxd3+ 17. cxd3 Qxe2 18. Rxe2 h6 19. Ne4 e6 20. Bb4 d5
21. Nd6+ Bxd6 22. Bxd6 Kd7 23. Ba3 Ba6 24. Re3 f6 25. d4 Bc4 26. Kb1 Rae8 27.
f4 g5 28. fxg5 hxg5 29. Rf1 Bxf1 30. Rf3 Bxg2 31. Rxf6 Be4+ 32. Kc1 Rh7 33. Kd2
g4 34. Ke2 Rg8 35. Ke3 g3 36. Kf4 g2 37. Ke5 Rh5+ 0-1

[Event "XIII Torneo Leonardo di Bona Nazionale"]
[Site "Cutro ITA"]
[Date "2007.04.25"]
[Round "3"]
[White "Camposano, Antonio"]
[Black "Scalise, Sandro"]
[Result "0-1"]
[WhiteElo "1350"]
[BlackElo "1598"]
[PlyCount "60"]
[EventDate "2007.04.23"]

1. d4 Nf6 2. c4 c5 3. d5 b5 4. e3 bxc4 5. Qf3 d6 6. Bxc4 g6 7. Ne2 Bg7 8. O-O
O-O 9. Nbc3 Nbd7 10. Qg3 Ne5 11. b3 Nxc4 12. bxc4 Ne4 13. Nxe4 Bxa1 14. N2c3
Rb8 15. Bd2 Bb2 16. Bc1 Qa5 17. Bxb2 Rxb2 18. a4 f5 19. Ng5 Qxc3 20. Qh3 Qg7
21. f4 h6 22. Ne6 Bxe6 23. dxe6 Rc2 24. Qf3 Rb8 25. Qd1 Rbb2 26. Qf3 Kh7 27. g4
Qc3 28. Rf2 Qe1+ 29. Rf1 Qxe3+ 30. Qxe3 Rg2+ 0-1

[Event "XIII Torneo Leonardo di Bona Nazionale"]
[Site "Cutro ITA"]
[Date "2007.04.25"]
[Round "3"]
[White "Di Mauro, Sebastiano"]
[Black "Paragliola, Gennaro"]
[Result "1-0"]
[WhiteElo "1814"]
[BlackElo "1451"]
[PlyCount "43"]
[EventDate "2007.04.23"]

1. e4 d6 2. d4 g6 3. Nc3 Bg7 4. Be2 Nf6 5. Nf3 O-O 6. h3 e5 7. O-O exd4 8. Nxd4
Re8 9. Bf3 Nbd7 10. g3 Nc5 11. Bg5 Bxh3 12. Re1 Bc8 13. Qd2 Ncd7 14. Rad1 Ne5
15. Bg2 Qd7 16. f3 b6 17. Qf4 Qe7 18. Qh4 Bb7 19. f4 Nc6 20. Nd5 Qd8 21. Bxf6
Bxf6 22. Nxf6+ 1-0

[Event "XIII Torneo Leonardo di Bona Nazionale"]
[Site "Cutro ITA"]
[Date "2007.04.25"]
[Round "3"]
[White "Frontera, Giuseppe"]
[Black "Rizzuti, Pasquale"]
[Result "0-1"]
[WhiteElo "1877"]
[BlackElo "1835"]
[PlyCount "78"]
[EventDate "2007.04.23"]

1. e4 Nf6 2. Nc3 d5 3. e5 Nfd7 4. d4 e6 5. Nf3 c5 6. Be3 Nc6 7. dxc5 Ndxe5 8.
Nxe5 Nxe5 9. Qd4 Nc6 10. Bb5 Bd7 11. Bxc6 Bxc6 12. b4 b6 13. cxb6 axb6 14. O-O
b5 15. Ne2 Qd6 16. c3 e5 17. Qg4 Qg6 18. Qxg6 hxg6 19. Nc1 Bd6 20. h3 f5 21. f4
e4 22. Nb3 Rh4 23. Nd4 Bd7 24. Ne2 Ra3 25. Rfc1 Rh8 26. Rc2 Bxb4 27. Bc1 Bc5+
28. Kh2 Ra4 29. Rd2 Be6 30. Rb1 b4 31. Rdb2 Kd7 32. cxb4 Bb6 33. Nc3 Raa8 34.
Bd2 d4 35. Nd1 Bxa2 36. Rc1 Rhc8 37. Rxc8 Kxc8 38. Rc2+ Kd7 39. Nb2 Bb3 0-1

[Event "XIII Torneo Leonardo di Bona Nazionale"]
[Site "Cutro ITA"]
[Date "2007.04.25"]
[Round "3"]
[White "Gualtieri, Domenico"]
[Black "D'Elia, Mario Domenico"]
[Result "0-1"]
[WhiteElo "1440"]
[BlackElo "1440"]
[PlyCount "28"]
[EventDate "2007.04.23"]

1. d4 g6 2. Nf3 Bg7 3. c3 Nf6 4. Bg5 d6 5. e3 Nbd7 6. Nbd2 O-O 7. Bc4 d5 8.
Bxf6 Nxf6 9. Ne5 dxc4 10. Ndxc4 Be6 11. Qb3 Qd5 12. O-O Ne4 13. Rfd1 b5 14. Na5
Qxb3 0-1

[Event "XIII Torneo Leonardo di Bona Nazionale"]
[Site "Cutro ITA"]
[Date "2007.04.25"]
[Round "3"]
[White "Guzzo, Giovanni"]
[Black "Sansosti, Simona"]
[Result "1-0"]
[WhiteElo "1792"]
[BlackElo "1362"]
[PlyCount "71"]
[EventDate "2007.04.23"]

1. e4 e5 2. Nf3 Nc6 3. Bc4 Be7 4. d4 d6 5. h3 h6 6. Nc3 Nf6 7. O-O O-O 8. a3
Bd7 9. b4 a5 10. b5 Na7 11. dxe5 dxe5 12. Nxe5 b6 13. f4 Qe8 14. Nxd7 Qxd7 15.
Bb2 Rad8 16. Qxd7 Rxd7 17. e5 Bc5+ 18. Kh2 Nh5 19. e6 Rd4 20. exf7+ Kh8 21. Ba2
Nxf4 22. Rad1 Rd6 23. Ne4 Rxd1 24. Rxd1 Be7 25. Rd7 Nc8 26. Rxc7 Ng6 27. g3 Nd6
28. Nxd6 Bxd6 29. Rc6 Rd8 30. Bc3 Nf8 31. Rxb6 Bxa3 32. Bxa5 Rc8 33. Bb3 Bb2
34. Rb7 Be5 35. Re7 Ng6 36. Re8+ 1-0

[Event "XIII Torneo Leonardo di Bona Nazionale"]
[Site "Cutro ITA"]
[Date "2007.04.25"]
[Round "3"]
[White "Levato, Biagio"]
[Black "Paletta, Giuseppe"]
[Result "1/2-1/2"]
[WhiteElo "1495"]
[BlackElo "1679"]
[PlyCount "88"]
[EventDate "2007.04.23"]

1. Nf3 d5 2. g3 Nf6 3. Bg2 Nbd7 4. O-O e6 5. d3 Bd6 6. Nbd2 O-O 7. e4 c6 8. Re1
Bb4 9. e5 Ne8 10. c3 Ba5 11. a4 c5 12. h4 h6 13. d4 Qc7 14. dxc5 Qb8 15. b4 Bc7
16. Qe2 a5 17. Nb3 axb4 18. cxb4 b5 19. a5 Qb7 20. Nbd4 Nxc5 21. bxc5 Bxa5 22.
Rd1 Nc7 23. Nb3 Bc3 24. Rxa8 Qxa8 25. Bf4 Qa3 26. Qc2 b4 27. Bd2 Nb5 28. Bxc3
bxc3 29. Bf1 Qb4 30. Bxb5 Qxb5 31. Qxc3 Bb7 32. Nfd4 Qe8 33. Ra1 f6 34. exf6
Rxf6 35. Re1 e5 36. c6 Bc8 37. Qc5 Qf7 38. Rxe5 Rxf2 39. Nf5 Rxf5 40. Rxf5 Qxf5
41. Qe3 Qb1+ 42. Kh2 Qc2+ 43. Nd2 Qxc6 44. Nf3 Qd7 1/2-1/2

[Event "XIII Torneo Leonardo di Bona Nazionale"]
[Site "Cutro ITA"]
[Date "2007.04.25"]
[Round "3"]
[White "Olivo, Gaetano"]
[Black "Macri', Pasquale"]
[Result "1-0"]
[WhiteElo "1571"]
[BlackElo "1437"]
[PlyCount "47"]
[EventDate "2007.04.23"]

1. e4 e5 2. Nf3 Nc6 3. Bc4 d6 4. d4 Bg4 5. Bxf7+ Kd7 6. dxe5 Kc8 7. h3 Bxf3 8.
Qxf3 dxe5 9. Bxg8 Rxg8 10. Qf5+ Qd7 11. Qxh7 Qf7 12. O-O Nd4 13. Na3 Bxa3 14.
bxa3 Nxc2 15. Rb1 Nxa3 16. Bxa3 Rd8 17. Qf5+ Qxf5 18. exf5 a5 19. Rfe1 Re8 20.
Bb2 e4 21. Bxg7 Kd7 22. f6 Rg8 23. Rxe4 Kd6 24. Rd1+ 1-0

[Event "XIII Torneo Leonardo di Bona Nazionale"]
[Site "Cutro ITA"]
[Date "2007.04.25"]
[Round "3"]
[White "Piccoli, Vincenzo"]
[Black "Zavaglia, Giuseppe"]
[Result "1/2-1/2"]
[WhiteElo "1745"]
[BlackElo "1901"]
[PlyCount "36"]
[EventDate "2007.04.23"]

1. d4 Nf6 2. Nc3 e6 3. Bg5 Be7 4. f3 b6 5. Qd2 Bb7 6. e4 d6 7. Bb5+ Nbd7 8.
Nge2 a6 9. Bd3 Rc8 10. Ng3 h6 11. Be3 c5 12. Qf2 b5 13. a3 Qa5 14. O-O c4 15.
Be2 O-O 16. f4 b4 17. axb4 Qxb4 18. Bd2 Qb6 1/2-1/2

[Event "XIII Torneo Leonardo di Bona Nazionale"]
[Site "Cutro ITA"]
[Date "2007.04.25"]
[Round "3"]
[White "Rotunno, Giuseppe"]
[Black "De Rasis, Giovanni"]
[Result "1-0"]
[WhiteElo "1922"]
[BlackElo "1560"]
[PlyCount "63"]
[EventDate "2007.04.23"]

1. d4 d5 2. Nf3 c6 3. c4 e6 4. e3 Nf6 5. Be2 Be7 6. O-O O-O 7. Nc3 Nbd7 8. b3
Re8 9. Qc2 Nf8 10. Bb2 Ng6 11. Rfd1 Bd6 12. e4 Nxe4 13. Nxe4 dxe4 14. Qxe4 Nf4
15. Bf1 Qc7 16. Ne5 Ng6 17. g3 Bd7 18. Bg2 f5 19. Qe2 Bxe5 20. dxe5 c5 21. Rd6
Nf8 22. Rad1 a5 23. a4 Ra6 24. Rxa6 bxa6 25. Rd6 Rb8 26. Qd3 Bxa4 27. bxa4 Rxb2
28. Bf3 Rb4 29. Bc6 Qb8 30. Rd8 Qxe5 31. Rxf8+ Kxf8 32. Qd8+ 1-0

[Event "XIII Torneo Leonardo di Bona Nazionale"]
[Site "Cutro ITA"]
[Date "2007.04.26"]
[Round "4"]
[White "D'Elia, Mario Domenico"]
[Black "Scerra, Ezio"]
[Result "1-0"]
[WhiteElo "1440"]
[BlackElo "1398"]
[PlyCount "145"]
[EventDate "2007.04.23"]

1. c4 e5 2. Nf3 Nc6 3. Nc3 Nf6 4. d3 Bc5 5. Bg5 Nd4 6. e3 Nxf3+ 7. Qxf3 h6 8.
Bh4 g5 9. Bg3 d6 10. h3 c6 11. a3 g4 12. Qd1 Nh5 13. Bh2 Nf6 14. Na4 gxh3 15.
gxh3 Bb6 16. Nxb6 Qxb6 17. Qd2 Be6 18. Bg3 Nh7 19. Bh4 Ng5 20. Bg2 Rg8 21. Ke2
O-O-O 22. Rh2 Rd7 23. a4 Qd8 24. f4 exf4 25. exf4 Ne4 26. Qe1 Nf6 27. Kd2 Re7
28. Bxf6 Qa5+ 29. Kc2 Qxe1 30. Rxe1 Ree8 31. Be4 d5 32. cxd5 cxd5 33. Bf3 d4
34. Bg4 Bxg4 35. Rxe8+ Rxe8 36. hxg4 Rg8 37. g5 hxg5 38. fxg5 Kd7 39. Rh5 Ke6
40. Bxd4 Rc8+ 41. Kb1 Rd8 42. Rh3 Rxd4 43. Kc2 Rxa4 44. Rf3 Rg4 45. Rf6+ Ke7
46. Rf5 Ke6 47. Rf6+ Ke7 48. Rf5 b6 49. Kc3 Rh4 50. d4 Rh7 51. Re5+ Kd7 52. Kc4
Rh4 53. b4 a6 54. Rf5 Rh7 55. d5 Rh4+ 56. Kc3 Rh5 57. Rxf7+ Kd6 58. Rf5 a5 59.
bxa5 bxa5 60. Kb3 Kc5 61. Ka4 Rh8 62. g6 Rg8 63. Rg5 Kb6 64. g7 Kc5 65. Kb3 a4+
66. Kxa4 Kc4 67. Ka5 Kc5 68. Ka6 Kd6 69. Kb6 Rb8+ 70. Ka7 Rg8 71. Kb7 Ke7 72.
Kc7 Kf6 73. Rg2 1-0

[Event "XIII Torneo Leonardo di Bona Nazionale"]
[Site "Cutro ITA"]
[Date "2007.04.26"]
[Round "4"]
[White "Guzzo, Giovanni"]
[Black "Di Mauro, Sebastiano"]
[Result "0-1"]
[WhiteElo "1792"]
[BlackElo "1814"]
[PlyCount "82"]
[EventDate "2007.04.23"]

1. Nf3 d5 2. g3 Bf5 3. Bg2 e6 4. d3 Nf6 5. Nbd2 Be7 6. O-O O-O 7. c3 c5 8. b3
Nc6 9. Bb2 Qc7 10. Re1 Rad8 11. Nf1 h6 12. h3 e5 13. N3d2 e4 14. d4 cxd4 15.
cxd4 Qb6 16. e3 Nb4 17. Re2 Nd3 18. Nb1 Rc8 19. Bc3 Rc7 20. Qd2 Qb5 21. Qd1 Qd7
22. Kh2 Rfc8 23. Rc2 Bb4 24. Qd2 Qb5 25. a3 Bxc3 26. Nxc3 Qxb3 27. Rb1 Qxb1 28.
Nxb1 Rxc2 29. Qa5 Rxf2 30. g4 Rcc2 31. Nbd2 Ne1 32. gxf5 Rxg2+ 33. Kh1 Rf2 34.
Kg1 Rfxd2 35. Nxd2 Rxd2 36. Kf1 Nf3 37. Qd8+ Kh7 38. Qe7 Nh5 39. Qc7 a6 40. f6
b5 41. fxg7 Kxg7 0-1

[Event "XIII Torneo Leonardo di Bona Nazionale"]
[Site "Cutro ITA"]
[Date "2007.04.26"]
[Round "4"]
[White "Paletta, Giuseppe"]
[Black "Olivo, Gaetano"]
[Result "1-0"]
[WhiteElo "1679"]
[BlackElo "1571"]
[PlyCount "69"]
[EventDate "2007.04.23"]

1. d4 d5 2. c4 dxc4 3. e4 b5 4. Nc3 a6 5. a4 c6 6. axb5 e5 7. Be3 Bb4 8. bxc6
Nxc6 9. d5 Nce7 10. Qa4+ Bd7 11. Qxb4 Nf6 12. f3 a5 13. Qxc4 O-O 14. Bd3 Qb8
15. Qa2 Ng6 16. Nge2 Nh5 17. O-O Qd8 18. Bb5 Kh8 19. Bxd7 Qxd7 20. Qa4 Qd8 21.
Ra3 f5 22. exf5 Ngf4 23. Nxf4 exf4 24. Bxf4 Rxf5 25. Be3 Ra6 26. Qd4 Rg6 27.
Rfa1 h6 28. Rxa5 Kh7 29. Ra8 Qd6 30. Rc8 Rxf3 31. Raa8 Rxg2+ 32. Kxg2 Rf5 33.
Rh8+ Kg6 34. Qg4+ Rg5 35. Bxg5 1-0

[Event "XIII Torneo Leonardo di Bona Nazionale"]
[Site "Cutro ITA"]
[Date "2007.04.26"]
[Round "4"]
[White "Paragliola, Gennaro"]
[Black "Levato, Biagio"]
[Result "1-0"]
[WhiteElo "1451"]
[BlackElo "1495"]
[PlyCount "53"]
[EventDate "2007.04.23"]

1. d4 Nf6 2. Bg5 e6 3. Nf3 d6 4. c4 Be7 5. e3 Nbd7 6. Qc2 b6 7. Nc3 Bb7 8. Bd3
e5 9. dxe5 dxe5 10. Rd1 Ng4 11. Bxe7 Qxe7 12. h3 Ngf6 13. Ne4 O-O 14. O-O Rae8
15. Nfd2 Nxe4 16. Nxe4 f5 17. Ng3 e4 18. Be2 Ne5 19. Rd4 Qg5 20. Nh5 Nf3+ 21.
Bxf3 exf3 22. Nf4 fxg2 23. Rfd1 Bc6 24. Qd2 Qh4 25. f3 Bxf3 26. Nxg2 Bxd1 27.
Rxh4 1-0

[Event "XIII Torneo Leonardo di Bona Nazionale"]
[Site "Cutro ITA"]
[Date "2007.04.26"]
[Round "4"]
[White "Rizzuti, Pasquale"]
[Black "Piccoli, Vincenzo"]
[Result "1/2-1/2"]
[WhiteElo "1835"]
[BlackElo "1745"]
[PlyCount "92"]
[EventDate "2007.04.23"]

1. Nf3 Nf6 2. g3 b6 3. Bg2 Bb7 4. O-O e6 5. b3 d5 6. Bb2 Be7 7. d4 c5 8. Nbd2
Nc6 9. dxc5 bxc5 10. e3 O-O 11. Re1 Re8 12. c4 Nb4 13. Qb1 dxc4 14. bxc4 Qd3
15. a3 Qxb1 16. Rexb1 Nd3 17. Bc3 Rab8 18. Bf1 Ne4 19. Nxe4 Bxe4 20. Rxb8 Rxb8
21. Nd2 Bg6 22. e4 Nb2 23. Rb1 Bf6 24. Bxf6 gxf6 25. f4 Bh5 26. Bd3 Rb6 27. Bc2
Be2 28. Bb3 Nxc4 29. Nxc4 Bxc4 30. Bc2 Rxb1+ 31. Bxb1 Kf8 32. Kf2 Ke7 33. Ke3
e5 34. f5 Kd6 35. Bc2 Kc6 36. h4 Kb5 37. Kd2 a5 38. Kc3 Ba2 39. Bd1 a4 40. Kb2
Bc4 41. Kc3 Bf1 42. Bf3 c4 43. Kd2 Kc5 44. Kc3 Bd3 45. Bg2 Be2 46. Kd2 Bd3
1/2-1/2

[Event "XIII Torneo Leonardo di Bona Nazionale"]
[Site "Cutro ITA"]
[Date "2007.04.26"]
[Round "4"]
[White "Sansosti, Simona"]
[Black "Camposano, Antonio"]
[Result "1-0"]
[WhiteElo "1362"]
[BlackElo "1350"]
[PlyCount "77"]
[EventDate "2007.04.23"]

1. e4 e5 2. Nf3 Nc6 3. Bb5 Nd4 4. Bc4 Nxf3+ 5. Qxf3 Qf6 6. Qb3 Bc5 7. O-O Nh6
8. Qg3 d6 9. h3 g5 10. Be2 Rg8 11. Nc3 Bd7 12. Nd5 Qd8 13. d3 f6 14. Bd2 Bd4
15. c3 Bc5 16. b4 Bb6 17. c4 Bd4 18. Rab1 c6 19. Bh5+ Nf7 20. Bxf7+ Kxf7 21.
Ne3 Bxe3 22. fxe3 b6 23. Bc3 Be6 24. Rb2 c5 25. Rbf2 Rg6 26. bxc5 bxc5 27. d4
Bxc4 28. Rd1 cxd4 29. exd4 exd4 30. Bxd4 Qe7 31. e5 Kg8 32. exf6 Qd7 33. f7+
Bxf7 34. Rdf1 Qa4 35. Qf3 Rf8 36. Qd5 Qd7 37. Ba1 Qe7 38. Qd4 h5 39. Qh8# 1-0

[Event "XIII Torneo Leonardo di Bona Nazionale"]
[Site "Cutro ITA"]
[Date "2007.04.26"]
[Round "4"]
[White "Virelli, Salvatore"]
[Black "Frontera, Giuseppe"]
[Result "0-1"]
[WhiteElo "1524"]
[BlackElo "1877"]
[PlyCount "67"]
[EventDate "2007.04.23"]

1. d4 Nf6 2. Nf3 e6 3. e3 b6 4. Bd3 Bb7 5. O-O Be7 6. b3 O-O 7. Nbd2 d6 8. Re1
Nbd7 9. Bb2 c5 10. c3 Qc7 11. e4 Rfe8 12. Qc2 Nf8 13. c4 N6d7 14. a4 Ng6 15. e5
cxd4 16. Bxg6 hxg6 17. Bxd4 Qc6 18. Rac1 dxe5 19. Be3 Red8 20. Kh1 Nf6 21. Rg1
Ng4 22. h3 Nxe3 23. fxe3 Bf6 24. e4 Rd7 25. b4 Rad8 26. Rgd1 Qc7 27. c5 bxc5
28. Qxc5 Qxc5 29. bxc5 Bc6 30. Rc4 Rd3 31. a5 Ra3 32. Rb1 Rxa5 33. Rcb4 Rxc5
34. Rb8 0-1

[Event "XIII Torneo Leonardo di Bona Nazionale"]
[Site "Cutro ITA"]
[Date "2007.04.26"]
[Round "4"]
[White "Zavaglia, Giuseppe"]
[Black "Rotunno, Giuseppe"]
[Result "0-1"]
[WhiteElo "1901"]
[BlackElo "1922"]
[PlyCount "78"]
[EventDate "2007.04.23"]

1. Nf3 c5 2. c4 Nc6 3. Nc3 g6 4. g3 Bg7 5. Bg2 Nf6 6. O-O O-O 7. d3 d6 8. Bg5
h6 9. Bd2 a6 10. a3 Rb8 11. a4 Ne8 12. e3 e6 13. Rb1 d5 14. Ne2 dxc4 15. dxc4
Nd6 16. b3 e5 17. Bc3 Qe7 18. Qc1 Bf5 19. Ra1 Bd3 20. Re1 Ne4 21. Bb2 Nb4 22.
Nd2 Nxd2 23. Qxd2 Rfd8 24. Bd5 Bf5 25. Red1 Bc2 26. Rdc1 Bxb3 27. Qc3 Nxd5 28.
Qxb3 Nb4 29. Rd1 e4 30. Bxg7 Kxg7 31. Qc3+ Kg8 32. Nf4 Rd6 33. Nd5 Nxd5 34.
cxd5 Rbd8 35. Qxc5 Qd7 36. Rdb1 Rxd5 37. Qb4 Qc6 38. Qxb7 Rd1+ 39. Kg2 Qxb7 0-1

[Event "XIII Torneo Leonardo di Bona Nazionale"]
[Site "Cutro ITA"]
[Date "2007.04.27"]
[Round "5"]
[White "Calomeni, Francesca"]
[Black "Guzzo, Giovanni"]
[Result "0-1"]
[WhiteElo "1356"]
[BlackElo "1792"]
[PlyCount "34"]
[EventDate "2007.04.23"]

1. e4 e5 2. Nf3 Nc6 3. Nc3 Nf6 4. a3 a6 5. Bc4 Bc5 6. O-O O-O 7. d3 h6 8. Re1
d6 9. h3 Be6 10. Be3 Ba7 11. d4 Bxc4 12. dxe5 Nxe5 13. Nxe5 dxe5 14. b3 Be6 15.
Qd2 Bxe3 16. Qxd8 Bxf2+ 17. Kxf2 Raxd8 0-1

[Event "XIII Torneo Leonardo di Bona Nazionale"]
[Site "Cutro ITA"]
[Date "2007.04.27"]
[Round "5"]
[White "Di Mauro, Sebastiano"]
[Black "Rizzuti, Pasquale"]
[Result "0-1"]
[WhiteElo "1814"]
[BlackElo "1835"]
[PlyCount "86"]
[EventDate "2007.04.23"]

1. e4 c5 2. Nc3 Nc6 3. g3 g6 4. Bg2 Bg7 5. d3 d6 6. Nge2 e6 7. Be3 Nd4 8. Qd2
Ne7 9. Nd1 O-O 10. c3 Nxe2 11. Qxe2 f5 12. O-O Rb8 13. Qd2 b5 14. Bh6 Bb7 15.
Bxg7 Kxg7 16. Ne3 d5 17. exf5 d4 18. f6+ Rxf6 19. Ng4 Rf5 20. Qh6+ Kh8 21. Rae1
Bxg2 22. Kxg2 Qd5+ 23. Re4 Ng8 24. Qd2 Kg7 25. cxd4 cxd4 26. Rc1 Rb7 27. Rc8 h5
28. Rxg8+ Kxg8 29. Nh6+ Kg7 30. f3 Re5 31. Qf4 Rxe4 32. fxe4 Qc5 33. e5 Qf8 34.
Qxf8+ Kxf8 35. g4 Rh7 36. g5 Rc7 37. Kf3 Rc2 38. Ke4 Rxh2 39. Kxd4 Rg2 40. Kc5
h4 41. Kd6 h3 42. Kxe6 Rxg5 43. Kf6 Rxe5 0-1

[Event "XIII Torneo Leonardo di Bona Nazionale"]
[Site "Cutro ITA"]
[Date "2007.04.27"]
[Round "5"]
[White "Olivo, Gaetano"]
[Black "D'Elia, Mario Domenico"]
[Result "1-0"]
[WhiteElo "1571"]
[BlackElo "1440"]
[PlyCount "65"]
[EventDate "2007.04.23"]

1. e4 g6 2. d4 Bg7 3. Nf3 Nf6 4. Bd3 d6 5. h3 O-O 6. c4 e6 7. Bg5 e5 8. dxe5
dxe5 9. Nxe5 Qd4 10. Nf3 Qxb2 11. Nbd2 Nxe4 12. Rb1 Nc3 13. Rxb2 Nxd1 14. Rb3
Nb2 15. O-O Nxd3 16. Rxd3 Bf5 17. Rb3 Nc6 18. Rxb7 Rac8 19. Bf4 Nd4 20. Bxc7
Nxf3+ 21. Nxf3 Bd3 22. Re1 a6 23. c5 Bb5 24. Bd6 Rfe8 25. Rbe7 Rxe7 26. Rxe7
Bf8 27. Ra7 Bxd6 28. cxd6 Rd8 29. Ng5 Bc4 30. Ne4 f5 31. Nf6+ Kf8 32. Nxh7+ Ke8
33. Re7# 1-0

[Event "XIII Torneo Leonardo di Bona Nazionale"]
[Site "Cutro ITA"]
[Date "2007.04.27"]
[Round "5"]
[White "Paragliola, Gennaro"]
[Black "De Rasis, Giovanni"]
[Result "1/2-1/2"]
[WhiteElo "1451"]
[BlackElo "1560"]
[PlyCount "41"]
[EventDate "2007.04.23"]

1. d4 d5 2. c4 c6 3. cxd5 cxd5 4. Nc3 Nc6 5. Nf3 e6 6. Bf4 Nf6 7. a3 Be7 8. Nb5
Qa5+ 9. Nc3 a6 10. b4 Qd8 11. e3 O-O 12. h3 Bd7 13. Bd3 Rc8 14. Rc1 Nxb4 15.
axb4 Bxb4 16. Qb3 Qa5 17. Kd2 Ba4 18. Qb2 Rxc3 19. Rxc3 Rc8 20. Rhc1 Ne4+ 21.
Bxe4 1/2-1/2

[Event "XIII Torneo Leonardo di Bona Nazionale"]
[Site "Cutro ITA"]
[Date "2007.04.27"]
[Round "5"]
[White "Piccoli, Vincenzo"]
[Black "Paletta, Giuseppe"]
[Result "1-0"]
[WhiteElo "1745"]
[BlackElo "1679"]
[PlyCount "105"]
[EventDate "2007.04.23"]

1. d4 Nf6 2. Nc3 d5 3. Bg5 Nbd7 4. f3 h6 5. Bh4 c6 6. e4 Qa5 7. e5 Nh7 8. Bd3
g5 9. Bf2 c5 10. e6 fxe6 11. Bg6+ Kd8 12. Qe2 Bg7 13. O-O-O Bxd4 14. Bxd4 cxd4
15. Rxd4 Nc5 16. h4 Qb6 17. Rd1 Bd7 18. Qe5 Rf8 19. Bxh7 Qd6 20. Qxd6 exd6 21.
hxg5 hxg5 22. Nge2 Kc7 23. Rh2 a5 24. Nd4 a4 25. Rh5 g4 26. fxg4 Rf7 27. Ndb5+
Bxb5 28. Nxb5+ Kc6 29. Nc3 b5 30. a3 Rf4 31. g5 b4 32. axb4 Rxb4 33. g6 d4 34.
Rh4 a3 35. bxa3 Rxa3 36. Rdxd4 Ra1+ 37. Kd2 Rb7 38. Rdf4 e5 39. Rf7 Rb2 40. Rc4
Rg1 41. Ne4 Rxg2+ 42. Ke3 Kd5 43. Nxd6 Kxd6 44. Rf6+ Ke7 45. Rf7+ Kd6 46. g7
Rb8 47. Rh4 Rg5 48. Rf8 Rb3+ 49. cxb3 Rxg7 50. b4 Nb3 51. Rf6+ Ke7 52. Ra6 Rg1
53. Bc2 1-0

[Event "XIII Torneo Leonardo di Bona Nazionale"]
[Site "Cutro ITA"]
[Date "2007.04.27"]
[Round "5"]
[White "Rotunno, Giuseppe"]
[Black "Frontera, Giuseppe"]
[Result "1/2-1/2"]
[WhiteElo "1922"]
[BlackElo "1877"]
[PlyCount "21"]
[EventDate "2007.04.23"]

1. d4 Nf6 2. c4 e6 3. Nf3 b6 4. Bg5 Be7 5. e3 Bb7 6. Nc3 O-O 7. Be2 d6 8. O-O
Nbd7 9. Qc2 Rc8 10. Nd2 c5 11. dxc5 1/2-1/2

[Event "XIII Torneo Leonardo di Bona Nazionale"]
[Site "Cutro ITA"]
[Date "2007.04.27"]
[Round "5"]
[White "Sansosti, Simona"]
[Black "Virelli, Salvatore"]
[Result "1/2-1/2"]
[WhiteElo "1362"]
[BlackElo "1524"]
[PlyCount "37"]
[EventDate "2007.04.23"]

1. e4 c5 2. c3 d6 3. d4 cxd4 4. cxd4 e5 5. dxe5 Qa5+ 6. Nc3 Qxe5 7. Nf3 Bg4 8.
Be2 Bxf3 9. Bxf3 Nf6 10. O-O Be7 11. Re1 O-O 12. Qb3 b6 13. Bd2 Nbd7 14. Nd5
Nc5 15. Nxe7+ Qxe7 16. Qc2 Rac8 17. Bc3 Rfe8 18. e5 dxe5 19. Rxe5 1/2-1/2

[Event "XIII Torneo Leonardo di Bona Nazionale"]
[Site "Cutro ITA"]
[Date "2007.04.27"]
[Round "5"]
[White "Scalise, Sandro"]
[Black "Zavaglia, Giuseppe"]
[Result "0-1"]
[WhiteElo "1598"]
[BlackElo "1901"]
[PlyCount "42"]
[EventDate "2007.04.23"]

1. d4 Nf6 2. Bg5 e6 3. g3 Be7 4. Bg2 c6 5. Qd3 Na6 6. a3 O-O 7. Nd2 Qa5 8. e4
Qxg5 9. O-O-O Qa5 10. Nc4 Qc7 11. h3 d5 12. exd5 Nxd5 13. Ne5 b5 14. h4 b4 15.
g4 Nc5 16. Qh3 bxa3 17. Kb1 axb2 18. g5 Qa5 19. Kxb2 Rb8+ 20. Kc1 Ne4 21. Bxe4
Ba3+ 0-1

[Event "XIII Torneo Leonardo di Bona Nazionale"]
[Site "Cutro ITA"]
[Date "2007.04.27"]
[Round "5"]
[White "Scerra, Ezio"]
[Black "Macri', Pasquale"]
[Result "0-1"]
[WhiteElo "1398"]
[BlackElo "1437"]
[PlyCount "58"]
[EventDate "2007.04.23"]

1. c4 e5 2. e4 c5 3. Nf3 Nc6 4. d3 Be7 5. Nc3 d6 6. Bd2 Bg4 7. Nd5 Bxf3 8. Qxf3
Nd4 9. Qd1 Nf6 10. Rc1 Nxd5 11. cxd5 Bg5 12. h4 Bxd2+ 13. Qxd2 Qb6 14. Be2 a5
15. O-O Qb4 16. Qd1 Qxb2 17. Qa4+ b5 18. Qd1 Nxe2+ 19. Kh1 Nxc1 20. Qg4 O-O 21.
Qg5 Nxd3 22. h5 h6 23. Qh4 c4 24. g4 c3 25. g5 c2 26. gxh6 Nxf2+ 27. Rxf2 c1=Q+
28. Kg2 Qxf2+ 29. Kxf2 Qxh6 0-1